Bienvenue au Catalogue en Ligne des Bibliothèques de l'Universite du Burundi

A proposal to apply the communicative approach to the texbook english skills for 5th form (Record no. 25255)

000 -GUIDE
Champ de contrôle de longueur fixe 01011caa a22002177a 4500
003 - IDENTITÉ DU NUMÉRO DE CONTRÔLE
Champ de contrôle BI-BuBU
008 - ÉLÉMENTS DE LONGUEUR FIXE - RENSEIGNEMENTS GÉNÉRAUX
Champ de contrôle de longueur fixe 140314s2006 bd ||||| |||| 00| 0 eng d
039 ## - NIVEAU DE CONTRÔLE BIBLIOGRAPHIQUE ET HISTORIQUE D'ENCODAGE [OBSOLETE]
Date creation 20140318102251.0
Nom catalographe Verhasselt
040 ## - SOURCE DU CATALOGAGE
Organisme qui a effectué le catalogage original BI-BuBU
Code de la langue utilisée dans le catalogage fre
Organisme qui a effectué la transcription BI-BuBU
080 0# - INDICE DE LA CLASSIFICATION DÉCIMALE UNIVERSELLE (CDU)
Indice de la Classification décimale universelle R.372.880.20
100 1# - VEDETTE PRINCIPALE - NOM DE PERSONNE
Code de relation aut
Nom de personne Nsengiyumva, Fabiola
245 12 - MENTION DU TITRE
Titre A proposal to apply the communicative approach to the texbook english skills for 5th form
Mention de responsabilité, etc. Fabiola Nsengiyumva
260 ## - PUBLICATION, DIFFUSION, ETC. (ADRESSE BIBLIOGRAPHIQUE)
Lieu de publication, diffusion, etc. Bujumbura
Nom de l'éditeur, diffuseur, etc. University of Burundi, Institute for Applied Pedagogy, English - kirundi Department
Date of publication, distribution, etc 2006
300 ## - DESCRIPTION MATÉRIELLE
Collation V - 103 f.
Dimensions 30 cm.
502 ## - NOTE DE THÈSE OU MÉMOIRE
Note de thèse A Thesis submitted in partial fulfilment of the requirements for the degre of "Licence en Pédagogie Appliquée, Agrégée de l'Enseignement Secondaire en Anglais"
650 #7 - VEDETTE-MATIÈRE - NOM COMMUN
Vedette de sujet ou vedette comportant un nom géographique Anglais (langue). Enseignement. Manuel. Proposition. 9e année
650 #7 - VEDETTE-MATIÈRE - NOM COMMUN
Vedette de sujet ou vedette comportant un nom géographique CUD. DataWinIsis. Verhasselt
942 ## - ÉLÉMENTS D'ENTRÉE ADDITIONNELLE (KOHA)
Type d item koha BOOK
Holdings
Statut de retrait Statut de perte Source de la classification ou du système de rangement Statut de déterioration Exclu du prêt Numéro d item Koha Localisation permanente Localisation actuelle Date d'acquisition Nombre de prêts Cote Date last seen Prix en vigueur à partir du Type d item koha
          37646 Bibliothèque Centrale Bibliothèque Centrale 25/03/2014   R.372.880.20.NSE 25/03/2014 25/03/2014 BOOK
© 2019-2026 - Bibliothèques de l'Université du Burundi |Tous droits réservés
home | Pour toute information urgente Contactez nous | tel whatsupp: +25779204313